| 000 | 00546nam a2200193Ia 4500 | ||
|---|---|---|---|
| 999 |
_c3366 _d3366 |
||
| 003 | OSt | ||
| 005 | 20200821141355.0 | ||
| 008 | 190216s9999||||xx |||||||||||||| ||und|| | ||
| 020 | _a9788173196553 | ||
| 040 | _coclc | ||
| 082 |
_a547.7 _bBAH/P |
||
| 100 |
_aBahadur, P _94278 |
||
| 245 | 0 |
_aPrinciples Of Polymer Science / _cP Bahadur ; N V Sastry |
|
| 250 | _a2nd Ed. | ||
| 260 |
_bNarosa Publishing House, _aNew Delhi: _c2005. |
||
| 300 | _a401p | ||
| 650 | _aChemistry | ||
| 942 |
_cBK _2ddc _h547.7 _iBAH/P _k547.7 _mBAH/P |
||